| 000 | 00785nam a22002297a 4500 | ||
|---|---|---|---|
| 003 | OSt | ||
| 005 | 20150408114056.0 | ||
| 008 | 120731s2012 ua ||||g b 00| 0 ara d | ||
| 020 | _a9789774362928 | ||
| 040 | _cMU | ||
| 082 | 0 | 4 |
_221 _a953.078 _bص ص هـ |
| 100 | 1 |
_aالصاوي، الصاوي محمد. _916863 |
|
| 245 | 1 | 0 |
_aهولاكو : _bالأمير السفاح / _cالصاوي محمد الصاوي. |
| 250 | _aط. 1. | ||
| 260 |
_aالجيزة، مصر : _bمكتبة النافذة، _c2012. |
||
| 300 |
_a237 ص. ؛ _c24 سم. |
||
| 504 | _aببليوجرافية : ص. 209-239. | ||
| 650 | 4 | _aالمغول والتتار | |
| 650 | 4 |
_aالإيلخانيون. _916868 |
|
| 651 | 4 |
_aالبلاد الإسلامية _xتاريخ _y711-1516. _916869 |
|
| 942 |
_2ddc _cDVD |
||
| 999 |
_c25488 _d259988 |
||